Biochemie /

Další autoři: Šípal, Zdeněk, 1932-1986, Anzenbacher, Pavel, 1947-, Peč, Pavel, 1941-, Pospíšil, Jiří, 1935-, Růžička, Ivan, 1939-
Jazyk: Čeština
Vydáno: Praha : Státní pedagogické nakladatelství, 1992
Edice: Učebnice pro vysoké školy (Státní pedagogické nakladatelství)
Témata:
Fyzický popis: 479 stran : 208 ilustrací
Knihy
Uloženo v:
LEADER 02231nam a2200469 i 4500
001 000025974
003 CZ BrMZK
005 20230529095435.0
007 ta
008 020802s1992 xr f |||| 0 cze d
015 |a cnb000066816 
020 |a 80-04-21736-2  |q (vázáno) 
035 |a (OCoLC)85680972 
040 |a ABD012  |b cze  |d HKD003  |d ABD005  |d ABD010  |d ABD008  |d ABD006  |d BOA001  |e rda 
072 7 |a 577  |x Biochemie. Molekulární biologie. Biofyzika  |2 Konspekt  |9 2 
080 |a 577.1(075.8)  |2 MRF 
245 0 0 |a Biochemie /  |c Zdeněk Šípal, Pavel Anzerbacher, Pavel Peč, Jiří Pospíšil, Ivan Růžička 
264 1 |a Praha :  |b Státní pedagogické nakladatelství,  |c 1992 
300 |a 479 stran :  |b 208 ilustrací 
336 |a text  |b txt  |2 rdacontent 
337 |a bez média  |b n  |2 rdamedia 
338 |a svazek  |b nc  |2 rdacarrier 
490 1 |a Učebnice pro vysoké školy 
500 |a Obsahuje rejstřík 
650 0 7 |a biochemie  |7 ph114149  |2 czenas 
655 5 |a učebnice vysokých škol  |7 fd133772 
700 1 |a Šípal, Zdeněk,  |d 1932-1986  |7 jk01130203  |4 aut 
700 1 |a Anzenbacher, Pavel,  |d 1947-  |7 xx0034447  |4 aut 
700 1 |a Peč, Pavel,  |d 1941-  |7 jn20010309069  |4 aut 
700 1 |a Pospíšil, Jiří,  |d 1935-  |7 jn20000402037  |4 aut 
700 1 |a Růžička, Ivan,  |d 1939-  |7 jk01103147  |4 aut 
830 0 |a Učebnice pro vysoké školy (Státní pedagogické nakladatelství)  |0 s 
910 |a BOA001  |b PK-0116.806  |b 2-0981.752 
920 |a 000085116 
990 |a BK 
996 6 |b 2610939799  |c 2-0981.752  |l MZK  |r Sklad / do 1 hodiny  |n 0  |p dar  |w 000025974  |u 000090  |a 1  |e BOA001  |j MZK50  |s P 
996 7 |b 2619946108  |c 2-0981.752  |l MZK  |r Sklad / do 1 hodiny  |n 52  |w 000025974  |u 000080  |a 1  |e BOA001  |j MZK50  |s A 
996 6 |b 3119940524  |c PK-0116.806  |l MZK  |r STM 6p  |n 0  |h 577 ŠÍP  |w 000025974  |u 000050  |a 0  |e BOA001  |j MZK50  |s P 
996 7 |b 3119963231  |c PK-0116.806  |l MZK  |r Sklad / do 1 hodiny  |n 48  |w 000025974  |u 000020  |a 1  |e BOA001  |j MZK50  |s A 
996 7 |b 3119966862  |c PK-0116.806  |l MZK  |r Sklad / do 1 hodiny  |n 48  |w 000025974  |u 000040  |a 1  |e BOA001  |j MZK50  |s A 
996 7 |b 3119966863  |c PK-0116.806  |l MZK  |r Sklad / do 1 hodiny  |n 44  |w 000025974  |u 000030  |a 1  |e BOA001  |j MZK50  |s A 
996 7 |b 3119994075  |c PK-0116.806  |l MZK  |r Sklad / do 1 hodiny  |n 64  |w 000025974  |u 000010  |a 1  |e BOA001  |j MZK50  |s A